Globalization, urbanization, and the state: selected studies on contemporary Latin America
Saved in:
| Hovedforfatter: | |
|---|---|
| Format: | Bog |
| Sprog: | engelsk |
| Udgivet: |
Lanham
University Press of America
1996
|
| Udgivelse: | 1a. ed |
| Fag: | |
| Tags: |
Tilføj Tag
Ingen Tags, Vær først til at tagge denne postø!
|
MARC
| LEADER | 00000cam a2200000 a 4500 | ||
|---|---|---|---|
| 001 | UCE6072 | ||
| 003 | CL-VaPUC | ||
| 008 | 150319e19960000us |||||||||||||||||eng|d | ||
| 020 | |a 0761803521 | ||
| 020 | |a 076180353X | ||
| 082 | 0 | 4 | |a 330.9 |b PAT |2 21 |
| 100 | |a Pattnayak, Satya R. |e author |9 578740 | ||
| 245 | 1 | 0 | |a Globalization, urbanization, and the state: selected studies on contemporary Latin America |
| 250 | |a 1a. ed | ||
| 300 | |a 257 p | ||
| 942 | |c BK | ||
| 945 | |d 20150319 12:57:00 |a arojas | ||
| 260 | |a Lanham |b University Press of America |c 1996 | ||
| 650 | 0 | |a Globalización |9 361930 | |
| 650 | 0 | |a Urbanización |9 265706 | |
| 650 | 0 | |a Política y gobierno |9 255151 | |
| 650 | 0 | |a Estado |9 255503 | |
| 651 | 0 | |a Latinoamérica |9 316393 | |
| 583 | |a last modification |c 20150319 12:57:00 |k Rodrigo Vera | ||
| 999 | |c 358540 |d 358538 | ||
| 952 | |0 0 |1 0 |3 erb |4 0 |6 330_900000000000000_PAT_1996 |7 0 |8 A |9 467317 |a BIBCUR |b BIBCUR |i 5141087 |o 330.9 PAT 1996 |p 5141087 |r 2025-04-22 |w 2019-11-23 |y BK |z Catalogado en:20150319 |k PER | ||